000 00658nam a2200181Ia 4500
008 100921s9999 xx 000 0 und d
082 _b23077
_a294.563 थ 90
100 _aदेशमुख माधव गोपाळ.
245 _aनामदेव.
260 _bसाहित्य अकादमी,नवी दिल्ली.
_c1990
300 _a52
_bसाहित्य अकादमी,दिल्ली
365 _b10
520 _aधर्म-संत संहित्य.
630 _aनामदेव.
650 _aधर्म-संत संहित्य.
730 _aनामदेव.
942 _cBOOK
999 _c772190
_d772187